[Event "Aeroflot Open 2011 B"]
[Site "Moscu RUS"]
[Date "2011.02.11"]
[Round "4.1"]
[White "Gavrilov, Alexei"]
[Black "Iljushin, Alexei"]
[Result "1-0"]
[WhiteElo "2484"]
[BlackElo "2527"]
[PlyCount "149"]
[EventDate "2011.02.08"]
[EventType "swiss"]
[EventRounds "9"]
[EventCountry "RUS"]
[Source "lmi"]
[SourceDate "2011.02.08"]

1. d4 d5 2. c4 c6 3. e3 Nf6 4. Nc3 a6 5. Nf3 Bf5 6. Bd3 Bg6 7. Bxg6 hxg6 8. Qd3
e6 9. O-O dxc4 10. Qxc4 b5 11. Qe2 c5 12. dxc5 Bxc5 13. e4 b4 14. Na4 Be7 15.
b3 Nbd7 16. Bb2 Qb8 17. Rac1 Qb7 18. Rc4 O-O 19. Rfc1 Rfc8 20. Nd2 Rxc4 21.
Rxc4 Rd8 22. g3 Ne8 23. Rc2 Ndf6 24. h4 Nc7 25. Qe3 Nb5 26. f3 Qd7 27. Kg2 Ne8
28. Nc4 Qd1 29. Rd2 Rxd2+ 30. Qxd2 Qxd2+ 31. Nxd2 Bf6 32. e5 Be7 33. Kf2 Nec7
34. Ke3 Kf8 35. Ne4 Ke8 36. Kd3 Kd7 37. Nb6+ Kc6 38. Nc8 Bd8 39. Ncd6 Nxd6 40.
Nxd6 f5 41. Nf7 Be7 42. f4 Bc5 43. Bd4 Be7 44. Nh8 Nb5 45. Nxg6 Bd8 46. Kc4
Nxd4 47. Kxd4 Bb6+ 48. Kc4 Bc5 49. Nh8 a5 50. Ng6 Kb6 51. Kd3 Kc6 52. Kc4 Kb6
53. Kd3 Kc6 54. Ke2 Kd5 55. Nh8 Kd4 56. Nf7 Kc3 57. Ng5 Kb2 58. Nxe6 Bb6 59.
Nxg7 Kxa2 60. Nxf5 a4 61. e6 Bc5 62. bxa4 b3 63. Ne3 Bxe3 64. e7 b2 65. e8=Q
b1=Q 66. Qe6+ Ka1 67. Qxe3 Qc2+ 68. Qd2 Qe4+ 69. Kf2 Qc2 70. Qe2 Qxa4 71. Qe5+
Kb1 72. Kg2 Qc6+ 73. Kh3 Kc2 74. Kg4 Kd2 75. f5 1-0

[Event "Aeroflot Open 2011 B"]
[Site "Moscu RUS"]
[Date "2011.02.11"]
[Round "4.2"]
[White "Gomez, John Paul"]
[Black "Nakhapetiane, Pogos"]
[Result "1-0"]
[WhiteElo "2527"]
[BlackElo "2469"]
[PlyCount "137"]
[EventDate "2011.02.08"]
[EventType "swiss"]
[EventRounds "9"]
[EventCountry "RUS"]
[Source "lmi"]
[SourceDate "2011.02.08"]

1. d4 Nf6 2. c4 e6 3. g3 d5 4. Nf3 dxc4 5. Bg2 Nc6 6. O-O Rb8 7. Nc3 Bb4 8. Qa4
O-O 9. Ne5 Qxd4 10. Bf4 Qc5 11. Nxc6 bxc6 12. Bxc7 Rb7 13. Bf4 Nd5 14. Bd2 e5
15. Qc2 Bg4 16. Ne4 Qe7 17. Bc1 Nb6 18. a3 Bd6 19. Ng5 f5 20. Bxc6 Rc7 21. Bg2
Bc5 22. b4 Bd4 23. Ra2 e4 24. Kh1 Bh5 25. Nh3 Be8 26. Bg5 Qf7 27. Bf4 Ba4 28.
Qc1 Rd7 29. Rd2 c3 30. Rxd4 Rxd4 31. Qxc3 Qc4 32. Qb2 Rfd8 33. Bg5 R8d7 34. Be3
R4d5 35. Nf4 Rb5 36. h4 Qc2 37. Qxc2 Bxc2 38. Ne6 Rbd5 39. Nc5 Rd8 40. Bg5 Re8
41. Bh3 Nc4 42. g4 Rd1 43. Rxd1 Bxd1 44. gxf5 Bxe2 45. f6 h6 46. Bd7 Rf8 47.
Be6+ Kh8 48. Nd7 hxg5 49. Nxf8 gxf6 50. hxg5 fxg5 51. Bxc4 Bxc4 52. Kg2 Kg7 53.
Nd7 Be6 54. Nc5 Bf5 55. a4 Kf6 56. a5 Ke5 57. b5 Bc8 58. a6 Bxa6 59. bxa6 Kd5
60. Nb3 Kc4 61. Nd2+ Kd3 62. Nf1 Kc4 63. Kg3 Kb5 64. Kg4 Kxa6 65. Kxg5 Kb5 66.
Kf4 a5 67. Kxe4 Kc4 68. Ne3+ Kc3 69. Nd5+ 1-0

[Event "Aeroflot Open 2011 B"]
[Site "Moscu RUS"]
[Date "2011.02.11"]
[Round "4.3"]
[White "Gundavaa, Bayarsaikhan"]
[Black "Shimanov, Aleksandr"]
[Result "1/2-1/2"]
[WhiteElo "2493"]
[BlackElo "2520"]
[PlyCount "35"]
[EventDate "2011.02.08"]
[EventType "swiss"]
[EventRounds "9"]
[EventCountry "RUS"]
[Source "lmi"]
[SourceDate "2011.02.08"]

1. d4 Nf6 2. c4 g6 3. Nc3 Bg7 4. e4 O-O 5. Nf3 d6 6. h3 e5 7. d5 Nh5 8. Nh2 Qe8
9. Be2 Nf4 10. Bf3 f5 11. g3 Nxh3 12. Bg2 Qf7 13. Bxh3 fxe4 14. Ng4 Bxg4 15.
Qxg4 Qxf2+ 16. Kd1 Qd4+ 17. Ke1 Qf2+ 18. Kd1 1/2-1/2

[Event "Aeroflot Open 2011 B"]
[Site "Moscu RUS"]
[Date "2011.02.11"]
[Round "4.4"]
[White "Kotanjian, Tigran"]
[Black "Karpatchev, Aleksandr"]
[Result "1-0"]
[WhiteElo "2519"]
[BlackElo "2474"]
[PlyCount "133"]
[EventDate "2011.02.08"]
[EventType "swiss"]
[EventRounds "9"]
[EventCountry "RUS"]
[Source "lmi"]
[SourceDate "2011.02.08"]

1. d4 d5 2. c4 dxc4 3. e4 e5 4. Nf3 exd4 5. Bxc4 Nc6 6. O-O Bc5 7. Ng5 Nh6 8.
Nxf7 Nxf7 9. Bxf7+ Kxf7 10. Qh5+ g6 11. Qxc5 Qe7 12. Qc2 Re8 13. Nd2 Nb4 14.
Qd1 c5 15. a3 Nc6 16. b4 b6 17. f4 Kg8 18. f5 Ne5 19. Bb2 Ba6 20. b5 Bb7 21.
Qb3+ Qf7 22. Qg3 Rad8 23. Rac1 Qg7 24. Qb3+ Kh8 25. fxg6 Qxg6 26. Rf4 Qg8 27.
Qc2 Rf8 28. Rcf1 Rxf4 29. Rxf4 Rf8 30. Rxf8 Qxf8 31. Bc1 Qf7 32. Nf1 Kg8 33.
Ng3 Bc8 34. h3 Nc4 35. Bh6 Be6 36. Qc1 Ne3 37. Bxe3 dxe3 38. Qxe3 c4 39. Ne2
Qg7 40. Kf2 Qf6+ 41. Qf3 Qb2 42. a4 Qa2 43. Qg3+ Kf7 44. Qc7+ Kg6 45. Qg3+ Kf7
46. Qf4+ Kg7 47. e5 c3 48. Qg3+ Kf7 49. Qxc3 Bc4 50. Qf3+ Ke6 51. Qf6+ Kd5 52.
Qd6+ Ke4 53. Qd4+ Kf5 54. g4+ Kg6 55. Qe3 Kf7 56. Qf3+ Kg7 57. h4 Bxe2 58. Qxe2
Qxa4 59. e6 Qd4+ 60. Kg2 Qd5+ 61. Kh2 Qd6+ 62. Kh3 Qd5 63. e7 Qh1+ 64. Kg3 Qg1+
65. Kf3 Qh1+ 66. Kf4 Qc1+ 67. Qe3 1-0

[Event "Aeroflot Open 2011 B"]
[Site "Moscu RUS"]
[Date "2011.02.11"]
[Round "4.5"]
[White "Kuderinov, Kirill"]
[Black "Khachiyan, Melikset"]
[Result "1/2-1/2"]
[WhiteElo "2469"]
[BlackElo "2518"]
[PlyCount "26"]
[EventDate "2011.02.08"]
[EventType "swiss"]
[EventRounds "9"]
[EventCountry "RUS"]
[Source "lmi"]
[SourceDate "2011.02.08"]

1. e4 e5 2. Nf3 Nc6 3. Bc4 Bc5 4. d3 d6 5. c3 Nf6 6. Bb3 O-O 7. h3 h6 8. Nbd2
a6 9. Nf1 d5 10. Qe2 Be6 11. Ng3 dxe4 12. dxe4 Bxb3 13. axb3 Qd7 1/2-1/2

[Event "Aeroflot Open 2011 B"]
[Site "Moscu RUS"]
[Date "2011.02.11"]
[Round "4.6"]
[White "Laylo, Darwin"]
[Black "Kalegin, Evgenij"]
[Result "1-0"]
[WhiteElo "2516"]
[BlackElo "2462"]
[PlyCount "57"]
[EventDate "2011.02.08"]
[EventType "swiss"]
[EventRounds "9"]
[EventCountry "RUS"]
[Source "lmi"]
[SourceDate "2011.02.08"]

1. d4 Nf6 2. c4 g6 3. Nf3 Bg7 4. Nc3 O-O 5. g3 d6 6. Bg2 Nbd7 7. O-O e5 8. e4
h6 9. h3 Nh7 10. Be3 Ng5 11. Nxg5 hxg5 12. f4 exf4 13. gxf4 c5 14. f5 cxd4 15.
Bxd4 Ne5 16. Nd5 Re8 17. c5 dxc5 18. Bxc5 Bd7 19. f6 Bh6 20. Ne7+ Rxe7 21. fxe7
Qe8 22. Qd5 Bg7 23. Rad1 Bc6 24. Qd2 Bb5 25. Qxg5 f6 26. Rxf6 Bxf6 27. Qxf6 Nd7
28. Rxd7 Bxd7 29. Bd4 1-0

[Event "Aeroflot Open 2011 B"]
[Site "Moscu RUS"]
[Date "2011.02.11"]
[Round "4.7"]
[White "Kanter, Eduard"]
[Black "Wen, Yang"]
[Result "0-1"]
[WhiteElo "2429"]
[BlackElo "2509"]
[PlyCount "126"]
[EventDate "2011.02.08"]
[EventType "swiss"]
[EventRounds "9"]
[EventCountry "RUS"]
[Source "lmi"]
[SourceDate "2011.02.08"]

1. d4 Nf6 2. c4 g6 3. Nc3 Bg7 4. e4 d6 5. Nf3 O-O 6. Be2 e5 7. Be3 Na6 8. O-O
Ng4 9. Bg5 Qe8 10. dxe5 dxe5 11. h3 f6 12. Bd2 Nh6 13. Be3 c6 14. c5 Nc7 15. b4
Nf7 16. Qb3 Kh8 17. Rfd1 f5 18. exf5 gxf5 19. Re1 Ne6 20. Bc4 e4 21. Nh2 Ne5
22. Rad1 f4 23. Bc1 e3 24. Ne4 Qg6 25. f3 Nxc4 26. Qxc4 Nc7 27. Kh1 Nb5 28. a4
Be6 29. Qd3 Nc3 30. Nxc3 Qxd3 31. Rxd3 Bc4 32. Rdxe3 fxe3 33. Bxe3 a5 34. bxa5
Rxa5 35. Ne4 Rxa4 36. Nd6 Bd5 37. Nxb7 Rfa8 38. Ng4 h5 39. Nf2 Ra1 40. Rxa1
Rxa1+ 41. Kh2 Be5+ 42. f4 Re1 43. Nd3 Re2 44. Bf2 Bc7 45. Kg1 Rd2 46. Ne5 Rd1+
47. Kh2 Rf1 48. Be3 Bxe5 49. fxe5 Kh7 50. Kg3 Kg6 51. Nd6 Ra1 52. Bf2 Ra2 53.
h4 Re2 54. Nc8 Rxe5 55. Nb6 Kf5 56. Nxd5 cxd5 57. Kf3 Re4 58. Bg3 Rc4 59. Bd6
Rxh4 60. c6 Rc4 61. c7 Ke6 62. Bf4 Kd7 63. Ke3 Rxc7 0-1

[Event "Aeroflot Open 2011 B"]
[Site "Moscu RUS"]
[Date "2011.02.11"]
[Round "4.8"]
[White "Antipov, Mikhail Al"]
[Black "Zhao, Xue"]
[Result "0-1"]
[WhiteElo "2358"]
[BlackElo "2494"]
[PlyCount "80"]
[EventDate "2011.02.08"]
[EventType "swiss"]
[EventRounds "9"]
[EventCountry "RUS"]
[Source "lmi"]
[SourceDate "2011.02.08"]

1. e4 e5 2. Nf3 Nc6 3. Bb5 a6 4. Ba4 Nf6 5. d3 d6 6. c3 Be7 7. O-O Bg4 8. Re1
Nd7 9. h3 Bh5 10. Nbd2 Nc5 11. Bxc6+ bxc6 12. Nf1 Bxf3 13. Qxf3 Ne6 14. Be3 c5
15. g3 O-O 16. Qg4 Qd7 17. Bh6 Rfd8 18. Nh2 Qb5 19. b3 Qxd3 20. c4 Qc3 21. Be3
Qb4 22. Qd1 Qb7 23. Qc2 Bg5 24. Nf3 Bxe3 25. Rxe3 a5 26. a4 Rf8 27. Rd1 Rab8
28. h4 Qc6 29. h5 h6 30. Rd2 Rb4 31. Nh4 Nd4 32. Qd1 Qd7 33. Nf5 Kh7 34. Qg4 g6
35. Nxh6 Qe6 36. Qg5 Nxb3 37. g4 Nxd2 38. Rh3 Rb3 39. Nxf7 Rxh3 40. Qh6+ Kg8
0-1

[Event "Aeroflot Open 2011 B"]
[Site "Moscu RUS"]
[Date "2011.02.11"]
[Round "4.9"]
[White "Lenderman, Aleksandr"]
[Black "Zilberman, Yaacov"]
[Result "1-0"]
[WhiteElo "2549"]
[BlackElo "2468"]
[PlyCount "75"]
[EventDate "2011.02.08"]
[EventType "swiss"]
[EventRounds "9"]
[EventCountry "RUS"]
[Source "lmi"]
[SourceDate "2011.02.08"]

1. d4 d5 2. c4 dxc4 3. e3 Nf6 4. Bxc4 e6 5. Nf3 c5 6. O-O a6 7. Bb3 cxd4 8.
exd4 Nc6 9. Nc3 Be7 10. Bg5 O-O 11. Qd2 b5 12. d5 exd5 13. Nxd5 Nxd5 14. Bxd5
Bb7 15. Rfd1 Bxg5 16. Nxg5 Qe7 17. Re1 Qc7 18. Qd3 g6 19. Qh3 h5 20. Qd3 Ne5
21. Rxe5 Qxe5 22. Qxg6+ Qg7 23. Qxg7+ Kxg7 24. Bxb7 Rab8 25. Bd5 Rbc8 26. h4
Rc2 27. Re1 Rd2 28. Bb3 Kg6 29. Re3 f6 30. Ne6 Rc8 31. Nf4+ Kh6 32. g3 Rxb2 33.
Re6 a5 34. Rxf6+ Kh7 35. Rf7+ Kh6 36. Be6 Rc1+ 37. Kg2 Rcc2 38. Rf6+ 1-0

[Event "Aeroflot Open 2011 B"]
[Site "Moscu RUS"]
[Date "2011.02.11"]
[Round "4.10"]
[White "Kunin, Vitaly"]
[Black "Obolenskikh, Dmitry"]
[Result "0-1"]
[WhiteElo "2548"]
[BlackElo "2567"]
[PlyCount "88"]
[EventDate "2011.02.08"]
[EventType "swiss"]
[EventRounds "9"]
[EventCountry "RUS"]
[Source "lmi"]
[SourceDate "2011.02.08"]

1. d4 d5 2. c4 c6 3. Nf3 Nf6 4. Nc3 e6 5. Qd3 Nbd7 6. g3 b6 7. Bg2 Ba6 8. b3
Be7 9. O-O Rc8 10. e4 O-O 11. e5 dxc4 12. bxc4 Nd5 13. Ne4 Nb4 14. Qb3 c5 15.
Rd1 cxd4 16. Rxd4 Nc6 17. Rd1 Qc7 18. Nd6 Rcd8 19. Bf4 Na5 20. Qe3 Nxc4 21.
Nxc4 Bxc4 22. Rac1 b5 23. Nd4 Bc5 24. Qe1 Bxd4 25. Rxd4 Nc5 26. Rdxc4 bxc4 27.
Rxc4 Nd3 28. Qe4 Qa5 29. h4 Nxf4 30. gxf4 Qxa2 31. Rc2 Qa1+ 32. Kh2 Qd4 33. Qf3
Qd3 34. Qc6 Rd4 35. Rc3 Qf5 36. Rg3 Rxf4 37. Qc5 Rxh4+ 38. Bh3 g6 39. Qe7 Qxf2+
40. Kh1 Re4 41. Rg1 Qf3+ 42. Kh2 Re2+ 43. Bg2 Qf4+ 44. Kh1 Qh6+ 0-1

[Event "Aeroflot Open 2011 B"]
[Site "Moscu RUS"]
[Date "2011.02.11"]
[Round "4.11"]
[White "Rogozenco, Dorian"]
[Black "Sharavdorj, Dashzegve"]
[Result "1-0"]
[WhiteElo "2534"]
[BlackElo "2452"]
[PlyCount "119"]
[EventDate "2011.02.08"]
[EventType "swiss"]
[EventRounds "9"]
[EventCountry "RUS"]
[Source "lmi"]
[SourceDate "2011.02.08"]

1. c4 Nf6 2. d4 g6 3. Nc3 Bg7 4. e4 d6 5. f3 O-O 6. Nge2 c5 7. Be3 Nc6 8. d5
Ne5 9. Ng3 e6 10. Be2 exd5 11. cxd5 h5 12. O-O a6 13. a4 Nh7 14. Qd2 h4 15. Nh1
f5 16. Nf2 Bd7 17. Kh1 Qf6 18. exf5 gxf5 19. Nh3 Ng6 20. Nf4 Nxf4 21. Bxf4 Rae8
22. Rad1 Re7 23. Rg1 Rfe8 24. Bd3 Kh8 25. g3 b5 26. axb5 axb5 27. gxh4 c4 28.
Bf1 b4 29. Na2 c3 30. bxc3 bxc3 31. Qf2 Rb8 32. Nc1 Ba4 33. Re1 Rxe1 34. Qxe1
Rg8 35. Qe6 Qd4 36. Ne2 Qf2 37. Bg3 Qxf3+ 38. Bg2 Qg4 39. h3 Qc4 40. Nf4 Be8
41. Qxf5 Bd4 42. Be4 Nf6 43. Bd3 Bd7 44. Qxf6+ Bxf6 45. Bxc4 Bd4 46. Rg2 Bxh3
47. Bd3 Bxg2+ 48. Kxg2 Rc8 49. Bc2 Ra8 50. Ne2 Bf6 51. Kf3 Ra2 52. Bd3 Rd2 53.
Ke3 Rd1 54. Bxd6 c2 55. Ba3 Ra1 56. Bc1 Bg7 57. d6 Ra7 58. Ke4 Rd7 59. Kd5 Bf8
60. Bf4 1-0

[Event "Aeroflot Open 2011 B"]
[Site "Moscu RUS"]
[Date "2011.02.11"]
[Round "4.12"]
[White "Pavlov, Sergey"]
[Black "Dimakiling, Oliver"]
[Result "1/2-1/2"]
[WhiteElo "2530"]
[BlackElo "2432"]
[PlyCount "128"]
[EventDate "2011.02.08"]
[EventType "swiss"]
[EventRounds "9"]
[EventCountry "RUS"]
[Source "lmi"]
[SourceDate "2011.02.08"]

1. c4 Nf6 2. Nc3 c5 3. Nf3 d5 4. cxd5 Nxd5 5. d4 cxd4 6. Qxd4 Nxc3 7. Qxc3 Nc6
8. e4 Bg4 9. Bb5 Rc8 10. O-O a6 11. Ba4 b5 12. Bb3 e6 13. Bg5 f6 14. Rfd1 Qa5
15. Bxf6 Bb4 16. Qd3 O-O 17. Bc3 Bxc3 18. Qxc3 b4 19. Qe3 Kh8 20. Rdc1 Bxf3 21.
Bxe6 Rc7 22. Rc5 Qb6 23. Rf5 Qb8 24. Rxf8+ Qxf8 25. Qxf3 Qxf3 26. gxf3 Nd4 27.
Bb3 Ne2+ 28. Kg2 g5 29. Rd1 h5 30. h4 Nf4+ 31. Kg3 Ne2+ 32. Kh2 gxh4 33. Rd5
Nf4 34. Rf5 Nd3 35. Rxh5+ Kg7 36. Rxh4 Nxb2 37. Rh5 Nd3 38. Kg3 Nc5 39. Rh1 a5
40. Kf4 a4 41. Rg1+ Kf8 42. Bd5 Nd3+ 43. Kf5 Ke7 44. Rg7+ Kd8 45. Rg8+ Ke7 46.
Rg7+ Kd8 47. Rg8+ Ke7 48. Ra8 a3 49. Rb8 Kd6 50. Bb3 Rc5+ 51. Kf6 Kc7 52. Rh8
Rc6+ 53. Ke7 Rc3 54. Rf8 Rxb3 55. axb3 Nc5 56. f4 Nxb3 57. Ra8 Nc5 58. f5 b3
59. f6 b2 60. f7 b1=Q 61. f8=Q Qxe4+ 62. Kf7 Qd5+ 63. Kg6 Qe4+ 64. Kh5 Qh1+
1/2-1/2

[Event "Aeroflot Open 2011 B"]
[Site "Moscu RUS"]
[Date "2011.02.11"]
[Round "4.13"]
[White "Predke, Alexandr"]
[Black "Ismagambetov, Anuar"]
[Result "0-1"]
[WhiteElo "2415"]
[BlackElo "2499"]
[PlyCount "106"]
[EventDate "2011.02.08"]
[EventType "swiss"]
[EventRounds "9"]
[EventCountry "RUS"]
[Source "lmi"]
[SourceDate "2011.02.08"]

1. e4 c5 2. Nf3 e6 3. d4 cxd4 4. Nxd4 Nc6 5. Nc3 Qc7 6. Be3 a6 7. Qd2 Nf6 8.
O-O-O Be7 9. f3 O-O 10. g4 b5 11. g5 Ne8 12. Kb1 Bb7 13. h4 Ne5 14. h5 Rc8 15.
Qh2 b4 16. Nce2 Nc4 17. Qxc7 Nxc7 18. Bc1 d5 19. Ng3 Rfd8 20. f4 Nb5 21. Bg2
Nca3+ 22. bxa3 Nc3+ 23. Ka1 dxe4 24. axb4 Bxb4 25. Bb2 Rc4 26. Nge2 Nxd1 27.
Rxd1 Rxc2 28. Rc1 Rxc1+ 29. Nxc1 Bd6 30. Nce2 e5 31. fxe5 Bxe5 32. Kb1 Rd5 33.
Bxe4 Rxd4 34. Bxh7+ Kxh7 35. Bxd4 Bd6 36. Be3 Bf3 37. Nf4 Be4+ 38. Kb2 Be7 39.
g6+ fxg6 40. Nxg6 Bxg6 41. hxg6+ Kxg6 42. Kc3 Kf5 43. Kd3 g5 44. Ke2 Kg4 45. a4
Kh3 46. Kf1 g4 47. Bb6 g3 48. Bg1 Bd6 49. Ke2 Kg2 50. Bd4 Kh1 51. Kf3 g2 52.
Ke4 Bh2 53. Kd5 Bg1 0-1

[Event "Aeroflot Open 2011 B"]
[Site "Moscu RUS"]
[Date "2011.02.11"]
[Round "4.14"]
[White "Feuerstack, Aljoscha"]
[Black "Belous, Vladimir"]
[Result "1/2-1/2"]
[WhiteElo "2404"]
[BlackElo "2497"]
[PlyCount "114"]
[EventDate "2011.02.08"]
[EventType "swiss"]
[EventRounds "9"]
[EventCountry "RUS"]
[Source "lmi"]
[SourceDate "2011.02.08"]

1. e4 c5 2. Nf3 Nc6 3. Nc3 g6 4. d4 cxd4 5. Nxd4 Bg7 6. Be3 Nf6 7. Bc4 O-O 8.
Bb3 d6 9. f3 Bd7 10. Qd2 Nxd4 11. Bxd4 b5 12. h4 a5 13. h5 a4 14. Bd5 b4 15.
Bxf6 exf6 16. Ne2 Rc8 17. hxg6 hxg6 18. g4 Rc5 19. Nf4 Re8 20. Qh2 Kf8 21. Qh7
Rxd5 22. Nxd5 a3 23. O-O-O axb2+ 24. Kb1 Qa5 25. Qh2 Qc5 26. Qd2 Be6 27. Qxb4
Bxd5 28. Qxc5 Bxa2+ 29. Kxb2 dxc5 30. Kxa2 c4 31. Ka3 f5 32. Kb4 fxg4 33. fxg4
Rxe4 34. Rhe1 Rxe1 35. Rxe1 c3 36. Kc5 Bh6 37. Kd6 Bf4+ 38. Kd7 Bd2 39. Rf1 Be3
40. Rf3 Bd2 41. Rd3 Be1 42. Rd5 Bd2 43. Rc5 Be1 44. Rc4 Bd2 45. Rc6 Be1 46. Rc5
Bd2 47. g5 Be1 48. Rc8+ Kg7 49. Ke7 Bd2 50. Rc5 Be1 51. Rc4 Bd2 52. Rg4 Be3 53.
Rg3 Bd2 54. Rg1 Be3 55. Rg2 Bf4 56. Rg1 Be3 57. Rg3 Bd2 1/2-1/2

[Event "Aeroflot Open 2011 B"]
[Site "Moscu RUS"]
[Date "2011.02.11"]
[Round "4.15"]
[White "Kabanov, Nikolai"]
[Black "Romanko, Marina"]
[Result "1-0"]
[WhiteElo "2482"]
[BlackElo "2404"]
[PlyCount "107"]
[EventDate "2011.02.08"]
[EventType "swiss"]
[EventRounds "9"]
[EventCountry "RUS"]
[Source "lmi"]
[SourceDate "2011.02.08"]

1. c4 e5 2. g3 Nf6 3. Bg2 d5 4. cxd5 Nxd5 5. Nc3 Nb6 6. Nf3 Nc6 7. O-O Be7 8.
Rb1 Bf5 9. d3 O-O 10. Nd2 Qd7 11. Re1 Rad8 12. a3 Bh3 13. Bh1 Nd4 14. b4 f5 15.
Nb3 f4 16. Ne4 Qg4 17. Nxd4 exd4 18. Bf3 Qg6 19. Qc2 c6 20. b5 Kh8 21. bxc6
bxc6 22. Kh1 fxg3 23. Nxg3 c5 24. Rg1 Rxf3 25. exf3 c4 26. Ne4 Qf7 27. Rg3 Bf1
28. dxc4 d3 29. Qc3 Bh4 30. Ng5 Qb7 31. Be3 Bxg3 32. hxg3 h6 33. Rxf1 hxg5 34.
c5 Qxf3+ 35. Kg1 d2 36. Bxd2 Rd3 37. Qc1 Nd5 38. c6 Nc3 39. Bxc3 Rxc3 40. c7
Qc6 41. Qxg5 Qxc7 42. Rd1 Rc6 43. Rd8+ Kh7 44. Qf5+ Rg6 45. Rd4 Qc1+ 46. Kg2
Qg5 47. Rh4+ Kg8 48. Qc8+ Kf7 49. Qc4+ Ke7 50. Qc7+ Ke6 51. Re4+ Kd5 52. Qc4+
Kd6 53. Rd4+ Ke7 54. Qc7+ 1-0

[Event "Aeroflot Open 2011 B"]
[Site "Moscu RUS"]
[Date "2011.02.11"]
[Round "4.16"]
[White "Kochetkova, Julia"]
[Black "Reshetnikov, Alexey"]
[Result "1/2-1/2"]
[WhiteElo "2311"]
[BlackElo "2478"]
[PlyCount "187"]
[EventDate "2011.02.08"]
[EventType "swiss"]
[EventRounds "9"]
[EventCountry "RUS"]
[Source "lmi"]
[SourceDate "2011.02.08"]

1. e4 c5 2. Nf3 Nc6 3. Bb5 e6 4. O-O Nge7 5. Nc3 Ng6 6. d4 cxd4 7. Nxd4 Be7 8.
Be3 O-O 9. Qd2 a6 10. Be2 b5 11. Rad1 Bb7 12. Nxc6 Bxc6 13. a3 Rc8 14. Bf4 Nxf4
15. Qxf4 Qc7 16. Qe3 Qe5 17. Bf3 Bc5 18. Qd3 a5 19. Rb1 b4 20. axb4 axb4 21.
Ne2 Bb5 22. Qd2 Rc7 23. Rfe1 Rfc8 24. c3 Bxe2 25. Bxe2 bxc3 26. bxc3 Bd6 27. g3
Rxc3 28. Red1 Bf8 29. Qxd7 Qxe4 30. Ba6 R3c7 31. Qxc8 Rxc8 32. Bxc8 g5 33. Bb7
Qf5 34. Rb2 h5 35. Rd7 Bc5 36. Rbd2 h4 37. gxh4 Qg4+ 38. Bg2 Qxh4 39. h3 Kg7
40. Rc2 Qb4 41. Rd1 Qb3 42. Rcd2 Kg6 43. Rd3 Qa2 44. R1d2 Qa4 45. Rd8 Qf4 46.
R8d7 Qa4 47. Rd8 Qa1+ 48. Bf1 Qe5 49. R8d7 Qg3+ 50. Bg2 Qc3 51. R7d3 Qa1+ 52.
Rd1 Qa4 53. R1d2 f5 54. Rd8 Kf6 55. Ra8 Qb4 56. Re2 Bd6 57. Re8 Be7 58. Ra8 Qd4
59. Rea2 Bc5 60. R8a6 Bb6 61. Bf1 Qb4 62. Rc2 Qd4 63. Rca2 g4 64. hxg4 Qxg4+
65. Bg2 Qd1+ 66. Bf1 Qg4+ 67. Bg2 Bd4 68. Rd2 Be5 69. Rd3 Qc4 70. Rda3 Bd4 71.
Ra2 Qc1+ 72. Bf1 Be5 73. R2a3 Qg5+ 74. Bg2 Bd4 75. Rd3 Qc1+ 76. Bf1 Qb2 77. Rf3
Bc5 78. Bd3 Bb6 79. Kg2 Qd4 80. Ra8 Bc7 81. Bxf5 exf5 82. Rf8+ Ke6 83. R8xf5
Qg4+ 84. Kf1 Qc4+ 85. Kg2 Qg4+ 86. Kf1 Bh2 87. Rf8 Qg1+ 88. Ke2 Qa1 89. Re3+
Kd7 90. Rff3 Qb2+ 91. Kf1 Qc1+ 92. Ke2 Qc2+ 93. Ke1 Qc1+ 94. Ke2 1/2-1/2

[Event "Aeroflot Open 2011 B"]
[Site "Moscu RUS"]
[Date "2011.02.11"]
[Round "4.17"]
[White "Krapivin, Alexander"]
[Black "Lu, Yijie"]
[Result "0-1"]
[WhiteElo "2476"]
[BlackElo "2311"]
[PlyCount "100"]
[EventDate "2011.02.08"]
[EventType "swiss"]
[EventRounds "9"]
[EventCountry "RUS"]
[Source "lmi"]
[SourceDate "2011.02.08"]

1. e4 e5 2. Nf3 Nc6 3. Nc3 Nf6 4. d4 Bb4 5. Nxe5 Qe7 6. Nxc6 Qxe4+ 7. Be2 Bxc3+
8. bxc3 Qxc6 9. O-O Qxc3 10. Rb1 O-O 11. Bb5 c6 12. Bd3 d5 13. Rb3 Qa5 14. Bg5
Ne4 15. Bxe4 dxe4 16. Rg3 Bf5 17. h4 Qxa2 18. Bf6 Bg6 19. Be5 f6 20. h5 Bf5 21.
Bd6 Rf7 22. Bc5 Qd5 23. Ra3 a6 24. Re1 h6 25. Qe2 Qd7 26. c4 Re8 27. f3 Re6 28.
Re3 exf3 29. Qxf3 Bg4 30. Qf4 Rxe3 31. Rxe3 Bxh5 32. Re4 b5 33. cxb5 axb5 34.
Qb8+ Kh7 35. Re8 Bd1 36. Rh8+ Kg6 37. Qg3+ Qg4 38. Qd3+ f5 39. Qe3 Qe4 40. Qd2
Bb3 41. Qf2 Bd5 42. Kh2 Qg4 43. Qc2 Be4 44. Qa2 f4 45. Re8 Bd5 46. Qc2+ Rf5 47.
Re5 f3 48. gxf3 Qxf3 49. Be7 Qf2+ 50. Qxf2 Rxf2+ 0-1

[Event "Aeroflot Open 2011 B"]
[Site "Moscu RUS"]
[Date "2011.02.11"]
[Round "4.18"]
[White "Gabuzyan, Hovhannes"]
[Black "Ulibin, Mikhail"]
[Result "1-0"]
[WhiteElo "2380"]
[BlackElo "2547"]
[PlyCount "91"]
[EventDate "2011.02.08"]
[EventType "swiss"]
[EventRounds "9"]
[EventCountry "RUS"]
[Source "lmi"]
[SourceDate "2011.02.08"]

1. Nf3 c5 2. g3 b6 3. Bg2 Bb7 4. O-O g6 5. c4 Bg7 6. Nc3 Nf6 7. d4 cxd4 8. Qxd4
d6 9. Qh4 Nbd7 10. Bh6 O-O 11. Rfd1 Rc8 12. b3 Rc5 13. Bxg7 Kxg7 14. Qd4 Qa8
15. Rac1 Rfc8 16. Ne1 a6 17. Bh3 e6 18. Nd3 R5c7 19. Qxd6 b5 20. Ne5 Nxe5 21.
Qxe5 Rc5 22. Qe3 Qb8 23. Rd4 bxc4 24. b4 Rh5 25. g4 Re5 26. Qd2 Nd5 27. f4 Re3
28. Bg2 Re8 29. Nd1 c3 30. Rxc3 Nxc3 31. Nxe3 Nb5 32. Rd7 Bc8 33. Rd3 e5 34. f5
Nd4 35. Nd5 f6 36. e3 Nb5 37. a4 e4 38. Rb3 Nd6 39. Qd4 Rf8 40. Rc3 gxf5 41.
Rc7+ Kh6 42. g5+ Kxg5 43. Rg7+ Kh6 44. Nxf6 Rf7 45. Ng8+ Kh5 46. Qd1+ 1-0

[Event "Aeroflot Open 2011 B"]
[Site "Moscu RUS"]
[Date "2011.02.11"]
[Round "4.19"]
[White "Abbasifar, Hasan"]
[Black "Shaposhnikov, Evgeny"]
[Result "1/2-1/2"]
[WhiteElo "2411"]
[BlackElo "2549"]
[PlyCount "41"]
[EventDate "2011.02.08"]
[EventType "swiss"]
[EventRounds "9"]
[EventCountry "RUS"]
[Source "lmi"]
[SourceDate "2011.02.08"]

1. e4 c5 2. Nf3 e6 3. d4 cxd4 4. Nxd4 a6 5. Bd3 Bc5 6. Nb3 Be7 7. O-O d6 8. Be3
Nf6 9. f4 O-O 10. N1d2 Nc6 11. c3 b5 12. Qe2 Bb7 13. Nd4 Nd7 14. Rf3 Nxd4 15.
cxd4 e5 16. Rh3 g6 17. fxe5 dxe5 18. Bh6 Re8 19. d5 Nc5 20. Rf1 Bc8 21. Qf2
1/2-1/2

[Event "Aeroflot Open 2011 B"]
[Site "Moscu RUS"]
[Date "2011.02.11"]
[Round "4.20"]
[White "Bajarani, Ulvi"]
[Black "Panarin, Mikhail"]
[Result "1/2-1/2"]
[WhiteElo "2393"]
[BlackElo "2533"]
[PlyCount "59"]
[EventDate "2011.02.08"]
[EventType "swiss"]
[EventRounds "9"]
[EventCountry "RUS"]
[Source "lmi"]
[SourceDate "2011.02.08"]

1. e4 c5 2. Nf3 Nc6 3. d4 cxd4 4. Nxd4 Qc7 5. Nc3 e6 6. Be2 a6 7. O-O Nxd4 8.
Qxd4 b5 9. a3 Bb7 10. Be3 Nf6 11. f4 Rc8 12. Bf3 h5 13. h3 h4 14. Rf2 Nh5 15.
Qd2 Bc5 16. Bxc5 Qxc5 17. Rd1 Rc7 18. f5 Ng3 19. fxe6 fxe6 20. Qf4 g5 21. Qf6
Rf8 22. Qg7 Rf7 23. Qg8+ Rf8 24. Qg7 Rf7 25. Qg6 Ke7 26. Nd5+ exd5 27. exd5
Ne2+ 28. Kf1 Ng3+ 29. Kg1 Ne2+ 30. Kf1 1/2-1/2

[Event "Aeroflot Open 2011 B"]
[Site "Moscu RUS"]
[Date "2011.02.11"]
[Round "4.21"]
[White "Stupak, Kirill"]
[Black "Lu, Shanglei"]
[Result "1-0"]
[WhiteElo "2527"]
[BlackElo "2416"]
[PlyCount "120"]
[EventDate "2011.02.08"]
[EventType "swiss"]
[EventRounds "9"]
[EventCountry "RUS"]
[Source "lmi"]
[SourceDate "2011.02.08"]

1. d4 d5 2. Nf3 Nf6 3. c4 c6 4. Nc3 dxc4 5. a4 Bf5 6. g3 Na6 7. Nh4 Be6 8. Bg2
g6 9. O-O Bg7 10. h3 O-O 11. e4 Nb4 12. Be3 Qc8 13. Kh2 Rd8 14. Qe2 Ne8 15.
Rad1 Nd3 16. f4 f5 17. exf5 gxf5 18. b3 Bxd4 19. Bxd4 Rxd4 20. bxc4 Bxc4 21.
Qxe7 Ng7 22. Ne2 Qd7 23. Nxf5 Re8 24. Nh6+ Kh8 25. Qxd7 Rxd7 26. Nc3 Rd6 27.
Ng4 h5 28. Ne5 Nxe5 29. Rxd6 Bxf1 30. Bxf1 Nf3+ 31. Kg2 Nf5 32. Rd7 N3d4 33.
Kf2 Re3 34. Rxd4 Rxc3 35. Rd3 Rc2+ 36. Kf3 c5 37. g4 Nd4+ 38. Kg3 Rc1 39. Bg2
Ne2+ 40. Kf3 Nd4+ 41. Ke4 Rg1 42. Bf3 b6 43. f5 Rg3 44. Bd1 h4 45. Re3 a6 46.
Re1 Kg7 47. Kf4 Kf6 48. Re8 Rg1 49. g5+ Rxg5 50. Bg4 Rg7 51. Rb8 Rc7 52. Rxb6+
Rc6 53. a5 c4 54. Ke4 c3 55. Bd1 Rxb6 56. axb6 Nxf5 57. Kd5 Ne3+ 58. Kd4 Nxd1
59. Kd3 c2 60. Kxc2 Ne3+ 1-0